| 000 | 00000nam 2200000za 4500 |
| 001 | 9.856443 |
| 003 | CaOODSP |
| 005 | 20250805112039 |
| 007 | cr ||||||||||| |
| 008 | 180510s2018 onc ob f000 0 eng d |
| 020 | |a9780660265582 |
| 040 | |aCaOODSP|beng |
| 043 | |an-cn--- |
| 086 | 1 |aBT22-210/2018E-PDF |
| 110 | 1 |aCanada. |bTreasury Board. |
| 245 | 10|aDirection for electronic data residency |h[electronic resource]. |
| 260 | |aOttawa : |bTreasury Board of Canada, Secretariat, |c2018. |
| 300 | |a5 p. |
| 500 | |aIssued also in French under title: Orientation relative à la résidence des données électroniques. |
| 500 | |a"Published: 2018-06-25." |
| 504 | |aIncludes bibliographical references. |
| 520 | |a"The purpose of this IT Policy Implementation Notice (ITPIN) is to direct departments and agencies on the control, access and ownership of Government of Canada (GC) electronic data"--P. 1. |
| 692 | 07|2gccst|aInformation technology |
| 692 | 07|2gccst|aGovernment policy |
| 775 | 08|tOrientation relative à la résidence des données électroniques |w(CaOODSP)9.856444 |
| 856 | 40|qPDF|s140 KB|uhttps://publications.gc.ca/collections/collection_2018/sct-tbs/BT22-210-2018-eng.pdf |